Les 32 meilleurs joueurs de tennis de -20ans - Statistiques

Statistiques générales
  • Ce quiz a été pris 72 fois
  • Le résultat moyen est 5 sur 32
Statistiques - réponses
Joueur Classement % Correct
44 Fils
89%
343 Fonseca
63%
72 Van Assche
62%
87 Mensik
60%
349 Debru
32%
76 Michelsen
27%
169 Prizmic
22%
423 Tien
21%
399 Landaluce
17%
139 Shang
17%
440 Basavareddy
11%
313 Blockx
6%
449 Géa
6%
460 Dodig
3%
287 Quinn
3%
250 Rocha
3%
486 Bailly
2%
410 Feldbausch
2%
364 Lee
2%
477 Sakellaridis
2%
489 Artnak
0%
480 Barton
0%
311 Bueno
0%
450 Buse
0%
358 Gaublas
0%
361 Ivanovski
0%
472 Kuzuhara
0%
401 Merida
0%
491 Mikrut
0%
474 Nicod
0%
461 Vallejo
0%
241 Wong
0%
Aucun quiz correspondant
Distribution des résultats
% des personnes avec chaque résultat
Percentile par nombre de réponses
Votre historique - résultats
Vous n’avez pas pris ce quiz